| 000 | 00812cam a22002651 4500 | ||
|---|---|---|---|
| 001 | 8405150 | ||
| 003 | ARRUPE | ||
| 005 | 20140925162738.0 | ||
| 008 | 741003s1957 xx 000 0 eng | ||
| 010 | _a 57002467 | ||
| 035 | _a(OCoLC)1028994 | ||
| 040 |
_aDLC _cPPSJ _dDLC |
||
| 042 | _apremarc | ||
| 050 | 0 | 0 |
_aBS2615 _b.B6 |
| 082 | _a226.5 | ||
| 100 | 1 |
_aBoismard, M. E. _911766 |
|
| 245 | 1 | 0 |
_aSt. John's prologue; _b[commentary] _cby M. E. Boismard. Translated by Carisbrooke Dominicans. |
| 260 |
_aWestminster, Md., _bNewman Press _c[1957] |
||
| 300 |
_a152 p. _c19 cm. |
||
| 504 | _aIncludes bibliography. | ||
| 630 | 0 | 0 |
_aBible. _pJohn, I, 1-18 _xCommentaries. _911767 |
| 630 | 0 | 0 |
_aBible. _pJohn _xTheology. _911768 |
| 906 |
_a7 _bcbc _coclcrpl _du _encip _f19 _gy-gencatlg |
||
| 942 |
_2lcc _cMONOGRAPH |
||
| 999 |
_c120989 _d120989 |
||